A field guide for female interrogators /

Combining an art project with critical commentary, Fusco addresses the role of women in the war on terror and explores how female sexuality is being used as a weapon against suspected Islamic terrorists. Using details drawn from actual accounts of detainee treatment in US military prisons, Fusco con...

Full description

Bibliographic Details
Main Author: Fusco, Coco (Author)
Corporate Author: United States. Central Command
Format: Book
Language:English
Published: New York : Seven Stories Press, [2008]
Edition:A Seven Stories Press first edition.
Subjects:
Online Access:Table of contents

MARC

Tag First Indicator Second Indicator Subfields
LEADER 00000cam a2200000 a 4500
001 in00002374841
005 20230913112927.0
008 080213s2008 nyua b 000 0 eng
010 |a  2008005833 
015 |a GBA857164  |2 bnb 
016 7 |a 014590012  |2 Uk 
019 |a 1156732118 
020 |a 9781583227800  |q (pbk.) 
020 |a 1583227806  |q (pbk.) 
029 1 |a AU@  |b 000042763916 
029 1 |a NLGGC  |b 31009450X 
029 1 |a UKMGB  |b 014590012 
035 |a (OCoLC)ocn154704505 
035 |a (OCoLC)154704505  |z (OCoLC)1156732118 
040 |a DLC  |b eng  |c DLC  |d BTCTA  |d YDXCP  |d BAKER  |d C#P  |d UKM  |d IXA  |d CQU  |d UWC  |d BDX  |d P4I  |d OCLCO  |d OCLCQ  |d SBM  |d OCLCF  |d MCO  |d SNN  |d UKMGB  |d OCLCQ  |d OCLCO  |d OCLCQ  |d OCL  |d OCLCO  |d SRU  |d TXA 
043 |a n-us--- 
050 0 0 |a HQ1426  |b .F887 2008 
050 4 |a DS79.767.W66  |b F87 2008 
082 0 0 |a 956.7044/38  |2 22 
100 1 |a Fusco, Coco,  |e author. 
245 1 2 |a A field guide for female interrogators /  |c Coco Fusco. 
250 |a A Seven Stories Press first edition. 
264 1 |a New York :  |b Seven Stories Press,  |c [2008] 
300 |a 144 pages :  |b illustrations (some color) ;  |c 19 cm 
336 |a text  |b txt  |2 rdacontent 
337 |a unmediated  |b n  |2 rdamedia 
338 |a volume  |b nc  |2 rdacarrier 
500 |a "United States Central Command"--Cover. 
504 |a Includes bibliographical references (pages 83-86). 
505 0 |a Invasion of space by a female -- FBI memo -- Our feminist future -- A field guide for female interrogators. 
520 |a Combining an art project with critical commentary, Fusco addresses the role of women in the war on terror and explores how female sexuality is being used as a weapon against suspected Islamic terrorists. Using details drawn from actual accounts of detainee treatment in US military prisons, Fusco conceives a field guide of instructional drawings that prompts urgent questions regarding the moral dilemma of torture in general and the use of female sexuality specifically. Fusco assesses what these matters suggest about how the military and the state use sex, sexuality, and originally feminist notions of sexual freedom.  |c Publisher. 
650 0 |a Women in war  |z United States. 
650 0 |a War on Terrorism, 2001-2009  |x Participation, Female. 
650 0 |a Women soldiers  |z United States. 
650 0 |a Military interrogation  |z United States. 
610 2 0 |a Abu Ghraib Prison. 
650 0 |a Iraq War, 2003-2011  |x Prisoners and prisons, American. 
650 0 |a Iraq War, 2003-2011  |x Atrocities. 
650 0 |a Torture  |x Government policy  |z United States. 
650 0 |a Feminist theory. 
650 2 |a Military Personnel 
650 6 |a Femmes  |z États-Unis. 
650 6 |a Interrogatoire militaire  |z États-Unis. 
650 6 |a Femmes  |x Sexualité. 
650 6 |a Femmes et guerre  |z États-Unis. 
650 6 |a Femmes militaires. 
650 7 |a soldiers.  |2 aat 
610 2 7 |a Abu Ghraib Prison.  |2 fast  |0 (OCoLC)fst00790474 
650 7 |a Military interrogation.  |2 fast  |0 (OCoLC)fst01021290 
650 7 |a Women.  |2 fast  |0 (OCoLC)fst01176568 
650 7 |a Women soldiers.  |2 fast  |0 (OCoLC)fst01178559 
651 7 |a Iraq.  |2 fast  |0 (OCoLC)fst01205757 
651 7 |a United States.  |2 fast  |0 (OCoLC)fst01204155 
647 7 |a Iraq War  |d (2003-2011)  |2 fast  |0 (OCoLC)fst01802311 
648 7 |a 2003-2011  |2 fast 
710 1 |a United States.  |b Central Command. 
856 4 1 |3 Table of contents  |u http://catdir.loc.gov/catdir/toc/ecip0810/2008005833.html  |t 0 
938 |a Baker & Taylor  |b BKTY  |c 16.95  |d 12.71  |i 1583227806  |n 0007256283  |s active 
938 |a Brodart  |b BROD  |n 07609388  |c $16.95 
938 |a Baker and Taylor  |b BTCP  |n BK0007256283 
938 |a YBP Library Services  |b YANK  |n 2603970 
948 |h HELD BY TXA - 243 OTHER HOLDINGS 
994 |a Z0  |b TXA 
999 f f |s ea8ac835-639f-35a6-8a56-45aeca8b1ae9  |i 6509d03b-7c71-38e6-9f96-291d2d176cd8  |t 0 
952 f f |p noncirc  |a Texas A&M University  |b College Station  |c Cushing Memorial Library & Archives  |s cush wgs  |d Cushing: Women & Gender Studies (Does not check out)  |t 0  |e DS79.767.W66 F87 2008  |h Library of Congress classification  |i unmediated -- volume  |m A14853205724 
952 f f |p ric  |a Texas A&M University  |b Rellis Campus  |c Joint Library Facility  |s JLF  |d Remote Storage  |t 0  |e HQ1426 .F887 2008  |h Library of Congress classification  |i unmediated -- volume  |m A14836775444